La tensin̤ entre lo jurd̕ico y lo polt̕ico Un debate sobre la juridicidad de la mediacin̤ internacional /

Detalles Bibliográficos
Autor principal: Betancur Restrepo, Laura
Formato: eBook
Lenguaje:español
Publicado: Bogot:̀ Universidad de Los Andes (Colombia), 2018
Materias:
Acceso en línea:Acceso restringido

MARC

LEADER 00000nam a22000007a 4500
005 20190512161338.0
007 cr|||| ||||
008 190512s2018 co |||||s|||| 00||0 spa d
020 |a 978-958-774-548-1 
035 |a 23359 
040 |a vLex 
090 |c 8686  |d 8686 
100 1 |a Betancur Restrepo, Laura 
245 1 2 |a La tensin̤ entre lo jurd̕ico y lo polt̕ico  |h [Recurso electrn̤ico] :  |b Un debate sobre la juridicidad de la mediacin̤ internacional /  |c Laura Betancur Restrepo 
256 |a Servicio en ln̕ea 
260 |a Bogot:̀  |b Universidad de Los Andes (Colombia),  |c 2018 
300 |a 1 recurso electrn̤ico 
500 |a La mediacin̤ internacional es uno de los mecanismos ms̀ antiguos y ms̀ utilizados en la resolucin̤ pacf̕ica de conflictos. Sin embargo, existen poƠcos estudios de derecho internacional que profundicen en ella. El punto ciego de la doctrina jurd̕ica internacional podra̕ entenderse como una falƠta de interš o un olvido de los estudiosos del derecho internacional, pero este libro muestra, de manera crt̕ica, que ignorar la mediacin̤ tiene que ver con la manera como se concibe y clasifica lo que se considera “jurd̕ico” o “polt̕ico” en el derecho internacional, concluyendo a su vez la dificultad que tiene la disciplina para lidiar con conceptos flexibles e inestables. El libro comienza con un estudio historiogrf̀ico de la doctrina internacioƠnalista que va desde finales del siglo xix hasta la doctrina contemporǹea, en el que se examina cm̤o se estudia la mediacin̤ internacional y cm̤o se le distingue de otros mecanismos de resolucin̤ pacf̕ica de conflictos, teniendo en cuenta las sensibilidades, el contexto y los sesgos disciplinares que la determinan. Finalmente, se examina la posibilidad de proponer una mirada interdisciplinar comparando la doctrina internacionalista analizada con los estudios que se hacen de la mediacin̤ desde las relaciones internacionales, donde se le estudia con mayor dedicacin̤. 
506 1 |a Disponible solo en los productos indicados  |d vLex Global  |d vLex Global (Academic Edition, excluding Law Schools)  |d vLex Global (U.S. Academic Edition, Law Schools)  |d vLex Global (U.S. Academic Edition, excluding Law Schools)  |d vLex Global (Academic Edition, Law Schools) 
650 0 4 |a Derecho Internacional  |z Colombia 
740 0 |a vLex Libros (Servicio en ln̕ea) 
856 4 0 |u http://vlex.com/source/tension-entre-lo-juridico-y-lo-politico-un-debate-sobre-la-juridicidad-de-la-mediacion-internacional-23359  |z Acceso restringido 
942 |c BOOK 
999 0 |a International right